Most Popular Given Names by Country - Statistics

General Stats
  • This quiz has been taken 6,093 times
    6,039 since last reset
  • The average score is 40 of 153
Answer Stats
Hint Answer % Correct
Philippines John
86%
Argentina Juan
86%
Malaysia Muhamad
75%
Egypt | Morocco | The World Mohamed
73%
Iran | Jordan | Pakistan | United Arab Emirates Mohammad
73%
Libya Mohammed
73%
Israel | Tajikistan Muhammad
73%
Greece | Portugal | Romania Maria
67%
Georgia Mariam
67%
Macedonia Marija
67%
United States total Mary
67%
United States total James
53%
Brazil Miguel
47%
Bulgaria Georgi
46%
Greece Georgios
46%
Equatorial Guinea María del Carmen
46%
Tunisia Mariam
46%
Denmark | Sweden William
43%
Romania David
40%
Armenia Davit
40%
Czech Republic Eliška
38%
Ireland | New Zealand Jack
37%
Croatia | Serbia | Slovenia Luka
37%
Malta Luke
37%
Spain Alejandro
36%
Macedonia Aleksandar
36%
Russia Alexander
36%
Canada | France | Liechtenstein | +3 others Emma
36%
Belgium | Denmark Emma
35%
Netherlands Daan
34%
Aruba Daniel
34%
Austria Sarah
34%
Latvia Roberts
33%
Iraq Ali
32%
Norway Emil
30%
Argentina | Chile | Mexico Sofía
30%
Estonia | Italy | Slovakia Sofia
30%
Latvia Sofija
30%
Russia Sofiya
30%
Brazil | Philippines | United States births (2012) Sophia
30%
Germany | Luxembourg Ben
29%
Chile Benjamín
29%
Canada Jacob
29%
Czech Republic | Poland | Slovakia Jakub
29%
Lithuania Matas
29%
Monaco Mathéo
29%
United Kingdom Amelia
28%
Iceland Emilía
28%
Ireland Emily
28%
Belarus Ivan
27%
New Zealand Olivia
25%
United Kingdom Harry
23%
Hungary Hanna
22%
Poland Julia
22%
Israel Noa
21%
Belgium Noah
21%
Israel Noam
21%
Georgia Nikolozi
20%
Australia Oliver
20%
Slovenia Eva
19%
Italy Francesco
19%
Liechtenstein Leon
19%
Bulgaria Viktoria
19%
Malta Elena
18%
Austria Lukas
17%
Spain Lucía
16%
Germany | Puerto Rico Mia
15%
Iran Fatemeh
14%
Morocco | Pakistan | United Arab Emirates Fatima
14%
Puerto Rico Luis
13%
Monaco Léa
12%
Sweden Alice
11%
Australia Chloe
11%
Iceland Aron
10%
France Nathan
10%
Equatorial Guinea Manuel
9%
Moldova Anastasia
8%
Belarus Anastasija
8%
Ukraine Anastasiya
8%
Venezuela Sebastián
8%
Jamaica Gabrielle
6%
Malaysia Nur
6%
Azerbaijan Yusif
6%
Turkey Yusuf
6%
United States births (2012) Aiden
5%
Venezuela Camila
5%
Ukraine Denys
5%
Moldova Maxim
5%
Finland Elias
4%
Colombia Santiago
4%
India Aarav
3%
Croatia Lana
3%
Colombia Mariana
3%
Japan Ren
3%
Portugal Rodrigo
3%
India Saanvi
3%
Japan Yua
3%
Bosnia Amina
2%
Libya Aya
2%
Hungary Bence
2%
Mongolia Odval
2%
Taiwan Shu-fen
2%
Tajikistan Sumayah
2%
Turkey Zeynep
2%
Uruguay Agustín
1%
Aruba Alysha
1%
Bosnia Amar
1%
Uruguay Florencia
1%
Tunisia Mehdi
1%
Serbia Milica
1%
South Korea Min-jun
1%
Armenia Nareh
1%
Estonia Rasmus
1%
South Korea Seo-yeon
1%
Taiwan Chia-Hao
0%
Israel Hala
0%
Kazakhstan Kausar
0%
Mongolia Naranbaatar
0%
Azerbaijan Nuray
0%
Jordan Rimas
0%
Thailand Somchai
0%
Lithuania Ugnė
0%
Kazakhstan Yerasyl
0%
No matching quizzes found
Score Distribution
Percent of People with Each Score
Percentile by Number Answered
Your Score History
You have not taken this quiz since the last reset